Las Luchas indias, sus intelectuales y la U /

Spremljeno u:
Bibliografski detalji
Glavni autor: Méndez Bahena, Alfredo
Format: Tekst
Teme:
Oznake: Dodaj oznaku
Bez oznaka, Budi prvi tko označuje ovaj zapis!

MARC

LEADER 00000 a a2200000 04500
001 11071
003
040
100 |a Méndez Bahena, Alfredo  
245 |a Las Luchas indias, sus intelectuales y la U /  |c Alfredo Méndez Bahena 
650 |a ENSEÑANZA SUPERIOR  
650 |a MEXICO  
773 |g volumen 8, número 23; páginas 201-217  
999 |c 35392  |d 35392